[Event "Gibtelecom Masters"]
[Site "Gibraltar"]
[Date "2009.01.28"]
[Round "2.73"]
[White "Kandic, Milan"]
[Black "Brown, David"]
[Result "1-0"]
[WhiteElo "2208"]
[BlackElo "1932"]
[PlyCount "47"]
[EventDate "2009.01.27"]

1. e4 e5 2. Nf3 Nc6 3. Bc4 Bc5 4. b4 Bxb4 5. c3 Ba5 6. d4 exd4 7. Qb3 Qf6 8.
O-O Bb6 9. e5 Qg6 10. cxd4 Nxd4 11. Nxd4 Bxd4 12. Nc3 Ne7 13. Ba3 a6 14. Rad1
c5 15. Rxd4 cxd4 16. Nd5 Nxd5 17. Bxd5 a5 18. Qb5 Qa6 19. Qb3 b5 20. Bxf7+ Kd8
21. Bd6 Bb7 22. Qg3 Qc6 23. Qg5+ Kc8 24. Rc1 1-0

[Event "Gibtelecom Masters"]
[Site "Gibraltar"]
[Date "2009.01.28"]
[Round "2.74"]
[White "Bravetti, Antonio"]
[Black "Loberg, Jo Kristian"]
[Result "1-0"]
[WhiteElo "2205"]
[BlackElo "1923"]
[PlyCount "35"]
[EventDate "2009.01.27"]

1. d4 Nf6 2. c4 e6 3. Nf3 b6 4. g3 Bb7 5. Bg2 Bb4+ 6. Bd2 Bxd2+ 7. Nbxd2 O-O 8.
O-O d6 9. Qc2 Nbd7 10. Rae1 c5 11. e4 cxd4 12. Nxd4 Rc8 13. Nb5 Qe7 14. Nxa7
Ra8 15. Nb5 Rfc8 16. e5 Nxe5 17. Bxb7 Rxc4 18. Nxc4 1-0

[Event "Gibtelecom Masters"]
[Site "Gibraltar"]
[Date "2009.01.28"]
[Round "2.75"]
[White "De Lillo, Michele"]
[Black "De Groote, Ewoud"]
[Result "1/2-1/2"]
[WhiteElo "1918"]
[BlackElo "2203"]
[PlyCount "61"]
[EventDate "2009.01.27"]

1. e4 c5 2. Nf3 e6 3. d4 cxd4 4. Nxd4 a6 5. c4 Nf6 6. Nc3 Bb4 7. Bd3 Nc6 8.
Nxc6 dxc6 9. O-O e5 10. Qc2 Be6 11. a3 Be7 12. b4 b5 13. c5 a5 14. Bb2 Qb8 15.
Ne2 Nd7 16. Ng3 O-O 17. Nf5 Re8 18. Nxe7+ Rxe7 19. Qd2 Nf8 20. Qc3 f6 21. Rfd1
Rd7 22. Be2 axb4 23. axb4 Rxa1 24. Bxa1 Rxd1+ 25. Bxd1 Qa7 26. Bb3 Kf7 27. g3
Ke7 28. Bb2 Bxb3 29. Qxb3 Ne6 30. Qd3 Qd7 31. Qxd7+ 1/2-1/2

[Event "Gibtelecom Masters"]
[Site "Gibraltar"]
[Date "2009.01.28"]
[Round "2.76"]
[White "Van Den Bersselaar, Jeroen"]
[Black "Escandell Atienza, Santiag"]
[Result "1-0"]
[WhiteElo "2191"]
[BlackElo "1485"]
[PlyCount "67"]
[EventDate "2009.01.27"]

1. e4 e5 2. Nf3 Nf6 3. Nc3 Bb4 4. Bc4 Bxc3 5. dxc3 Nc6 6. O-O d6 7. h3 O-O 8.
Qe2 Qe7 9. Bg5 Be6 10. Nd2 h6 11. Bh4 g5 12. Bg3 Na5 13. Bd3 c5 14. b4 cxb4 15.
cxb4 Nc6 16. c3 a6 17. a4 a5 18. b5 Nd8 19. Rfd1 Kg7 20. Qe3 Nd7 21. Nc4 Bxc4
22. Bxc4 Rc8 23. Qd3 b6 24. Qxd6 Qe8 25. Qxd7 Rxc4 26. Qf5 f6 27. Rd6 Rf7 28.
Rad1 Nb7 29. Rxf6 Re7 30. Rxb6 Rxc3 31. Rxb7 Kg8 32. Rxe7 Qxe7 33. Bxe5 Qe8 34.
Qf6 1-0

[Event "Gibtelecom Masters"]
[Site "Gibraltar"]
[Date "2009.01.28"]
[Round "2.77"]
[White "Escofet Llongueras, Joan"]
[Black "Getz, Nicolai"]
[Result "0-1"]
[WhiteElo "1889"]
[BlackElo "2190"]
[PlyCount "86"]
[EventDate "2009.01.27"]

1. c4 Nf6 2. Nc3 g6 3. g3 Bg7 4. Bg2 O-O 5. e4 d6 6. Nge2 e5 7. O-O Nc6 8. d3
Be6 9. h3 a6 10. Nd5 Ne7 11. Nxf6+ Bxf6 12. Bh6 Bg7 13. Bxg7 Kxg7 14. b3 c5 15.
f4 f6 16. Nc3 Nc6 17. f5 Bf7 18. Qd2 Qa5 19. Rf2 Nd4 20. Raf1 g5 21. Nd1 Qc7
22. Ne3 b5 23. Nc2 Nc6 24. Bf3 b4 25. Qd1 a5 26. Bh5 Bg8 27. h4 gxh4 28. Qg4+
Kh8 29. Qxh4 a4 30. g4 axb3 31. axb3 Qg7 32. Bg6 Ne7 33. Ne3 Ra3 34. Nd5 Bxd5
35. cxd5 Rxb3 36. g5 Kg8 37. gxf6 Rxf6 38. Kh2 hxg6 39. fxg6 Rxf2+ 40. Rxf2
Nxg6 41. Qd8+ Kh7 42. Rf3 Rb2+ 43. Kh1 Qh6+ 0-1

[Event "Gibtelecom Masters"]
[Site "Gibraltar"]
[Date "2009.01.28"]
[Round "2.78"]
[White "Walton, Alan J"]
[Black "Helin, Mikael"]
[Result "1-0"]
[WhiteElo "2189"]
[BlackElo "1974"]
[PlyCount "79"]
[EventDate "2009.01.27"]

1. d4 d5 2. Nf3 Nc6 3. Bf4 Bg4 4. Nbd2 f6 5. c3 g5 6. Bg3 Nh6 7. Qb3 Nf5 8.
Qxb7 Nxg3 9. hxg3 Bd7 10. Qb3 e6 11. e4 Rb8 12. Qc2 f5 13. exd5 exd5 14. O-O-O
Qf6 15. Re1+ Kd8 16. Bd3 Bd6 17. Nf1 h6 18. Ne3 Ne7 19. Nd1 Rf8 20. Ne5 Be8 21.
f4 g4 22. c4 Bb4 23. Re3 c5 24. dxc5 Bxc5 25. Re2 d4 26. a3 Qa6 27. Qd2 Rf6 28.
Bb1 Rb3 29. Nd3 Bxa3 30. bxa3 Rfb6 31. N3b2 d3 32. Bxd3 Rd6 33. Qe3 Rd7 34. a4
Bf7 35. Qc5 Rc7 36. Qd4+ Rd7 37. Qh8+ Ng8 38. Bxf5 Bxc4 39. Bxd7 Bxe2 40. Qxg8+
1-0

[Event "Gibtelecom Masters"]
[Site "Gibraltar"]
[Date "2009.01.28"]
[Round "2.79"]
[White "Kozlov, Oleg"]
[Black "Webster, Richard J"]
[Result "1-0"]
[WhiteElo "2187"]
[BlackElo "1956"]
[PlyCount "83"]
[EventDate "2009.01.27"]

1. c4 e5 2. Nc3 Nc6 3. g3 g6 4. Bg2 Bg7 5. Rb1 a5 6. a3 d6 7. e3 Bf5 8. d3 Nge7
9. Nge2 O-O 10. Qc2 Qd7 11. h3 Rae8 12. Nd5 Nd8 13. Bd2 b6 14. b4 axb4 15. axb4
Be6 16. Ra1 Bxd5 17. cxd5 c6 18. dxc6 Ndxc6 19. O-O e4 20. Ra6 exd3 21. Qxd3
Ne5 22. Qa3 Nc4 23. Qa2 Nxd2 24. Qxd2 Qb5 25. Ra2 Rd8 26. Rb1 Rd7 27. Bf1 Qf5
28. Rc1 d5 29. Ra6 Qe6 30. Bg2 Rfd8 31. Nd4 Bxd4 32. Qxd4 Rd6 33. g4 Qf6 34.
Qxf6 Rxf6 35. Rc7 Kf8 36. Rb7 Nc8 37. Ra8 Rc6 38. Rbb8 Rc1+ 39. Bf1 Ke7 40. Kg2
Rc7 41. Ba6 Kd7 42. g5 1-0

[Event "Gibtelecom Masters"]
[Site "Gibraltar"]
[Date "2009.01.28"]
[Round "2.80"]
[White "Ribon Calabia, Mariano"]
[Black "Hagesaether, Arne"]
[Result "0-1"]
[WhiteElo "1864"]
[BlackElo "2184"]
[PlyCount "74"]
[EventDate "2009.01.27"]

1. e4 c6 2. d4 d5 3. e5 c5 4. c3 Nc6 5. Bb5 Bf5 6. g4 Be4 7. f3 Bxb1 8. Rxb1
cxd4 9. Qxd4 e6 10. Be3 Nge7 11. Ne2 a6 12. Bxc6+ Nxc6 13. Qf4 Be7 14. O-O O-O
15. Bd4 Rc8 16. Qg3 Qa5 17. a3 f6 18. f4 Qb5 19. Qg2 fxe5 20. fxe5 Rxf1+ 21.
Rxf1 Qxb2 22. Nf4 Qxg2+ 23. Kxg2 Nxd4 24. cxd4 Rc6 25. Kg3 Bxa3 26. g5 b5 27.
Kg4 Bb2 28. g6 Bxd4 29. gxh7+ Kxh7 30. Kh5 Bxe5 31. Ng6 Bf6 32. Re1 Kg8 33. Nf4
Kf7 34. h4 b4 35. Kg4 b3 36. Rb1 b2 37. Nh5 Rc1 0-1

[Event "Gibtelecom Masters"]
[Site "Gibraltar"]
[Date "2009.01.28"]
[Round "2.81"]
[White "Lovik, Lasse Ostebo"]
[Black "Mozelius, Peter"]
[Result "1-0"]
[WhiteElo "2184"]
[BlackElo "1916"]
[PlyCount "27"]
[EventDate "2009.01.27"]

1. e4 g6 2. Nc3 Bg7 3. f4 d6 4. Nf3 a6 5. a4 b6 6. Bc4 e6 7. O-O Ne7 8. d3 O-O
9. Qe1 Nbc6 10. f5 exf5 11. Qh4 Qe8 12. Bh6 Bd4+ 13. Nxd4 Nxd4 14. Qf6 1-0

[Event "Gibtelecom Masters"]
[Site "Gibraltar"]
[Date "2009.01.28"]
[Round "2.83"]
[White "Steffenello, Leonard"]
[Black "Szabo, Gabor"]
[Result "1/2-1/2"]
[WhiteElo "2164"]
[BlackElo "1862"]
[PlyCount "89"]
[EventDate "2009.01.27"]

1. d4 Nf6 2. c4 g6 3. Nc3 Bg7 4. e4 d6 5. Be2 O-O 6. Nf3 e5 7. O-O Nc6 8. d5
Ne7 9. Ne1 Ne8 10. Be3 f5 11. f3 f4 12. Bf2 g5 13. c5 Rf6 14. a4 Rh6 15. cxd6
cxd6 16. a5 Nf6 17. a6 b6 18. Nb5 g4 19. Qc2 g3 20. hxg3 Nh5 21. Qc7 Qf8 22.
gxf4 Nxf4 23. Bd1 Qf6 24. Be3 Qg5 25. Bxf4 exf4 26. Qd8+ Kf7 27. Ra4 Bxa6 28.
Nxd6+ Rxd6 29. Qxd6 Bxf1 30. Kxf1 Qe5 31. Qxe5 Bxe5 32. Nd3 Kf6 33. Nxe5 Kxe5
34. Kf2 a5 35. Rc4 Rc8 36. Rxc8 Nxc8 37. Ke2 Kd4 38. Kd2 Nd6 39. Be2 b5 40. Bf1
a4 41. Kc2 b4 42. Kb1 Ke5 43. Kc2 Kd4 44. Kd2 h6 45. Kc2 1/2-1/2

[Event "Gibtelecom Masters"]
[Site "Gibraltar"]
[Date "2009.01.28"]
[Round "2.84"]
[White "Whitehead, David J"]
[Black "Matto, Manuel"]
[Result "1-0"]
[WhiteElo "2155"]
[BlackElo "1855"]
[PlyCount "51"]
[EventDate "2009.01.27"]

1. e4 d6 2. d4 e6 3. Nc3 Be7 4. f4 c6 5. Nf3 h6 6. Be3 Nf6 7. Qd2 a5 8. Bd3 b5
9. O-O Ng4 10. Rae1 Ba6 11. e5 Nxe3 12. Qxe3 d5 13. f5 exf5 14. e6 f6 15. Bxf5
O-O 16. Qf4 b4 17. Qg4 Qe8 18. Ne2 g5 19. Nh4 h5 20. Qg3 Qd8 21. Ng6 Re8 22.
Qh3 Kg7 23. Qxh5 Rh8 24. Nxh8 Qxh8 25. Qf7+ Kh6 26. Qg6# 1-0

[Event "Gibtelecom Masters"]
[Site "Gibraltar"]
[Date "2009.01.28"]
[Round "2.85"]
[White "Knight, Simon"]
[Black "Yarur Elsaca, Daniel"]
[Result "1-0"]
[WhiteElo "2148"]
[BlackElo "1805"]
[PlyCount "123"]
[EventDate "2009.01.27"]

1. d4 Nf6 2. Nf3 e6 3. e3 Be7 4. Bd3 d6 5. Nbd2 b6 6. Qe2 Bb7 7. O-O O-O 8. Rd1
Nbd7 9. e4 c5 10. c3 Qc7 11. Nf1 Rae8 12. Bg5 d5 13. e5 Ne4 14. Bxe7 Rxe7 15.
Bxe4 dxe4 16. N3d2 Qc6 17. Re1 f6 18. Qxe4 Qc7 19. Qe3 fxe5 20. dxc5 Nxc5 21.
b4 Qc6 22. f3 Nd7 23. Ng3 Ref7 24. c4 Qd6 25. a3 Rf4 26. Ne2 Rh4 27. Rad1 e4
28. f4 Qc6 29. Qxe4 Rg4 30. Qxc6 Bxc6 31. g3 e5 32. b5 Bb7 33. Nb3 Nf6 34. fxe5
Ne4 35. Rf1 Re8 36. Rf4 Rg6 37. Rd7 Bc8 38. Rxa7 Ng5 39. Kg2 Nh3 40. Re4 Bf5
41. Re3 h5 42. Nbd4 Bg4 43. Ng1 Ng5 44. h3 Bc8 45. h4 Nf7 46. Ngf3 Nd6 47. exd6
Rxe3 48. d7 Bxd7 49. Rxd7 Rxa3 50. Rd8+ Kf7 51. Ne5+ Kf6 52. Nxg6 Kxg6 53. Rd6+
Kf7 54. Rxb6 Rd3 55. Rd6 Rc3 56. Rc6 Rd3 57. Nf3 Rb3 58. b6 Ke7 59. c5 Rb2+ 60.
Kh3 Rb1 61. Rc7+ Kf6 62. b7 1-0

[Event "Gibtelecom Masters"]
[Site "Gibraltar"]
[Date "2009.01.28"]
[Round "2.86"]
[White "Samuelsson, Sven-Gunnar"]
[Black "Garcia Lechugo, Francisco"]
[Result "1-0"]
[WhiteElo "2142"]
[BlackElo "1688"]
[PlyCount "53"]
[EventDate "2009.01.27"]

1. d4 g6 2. Nf3 Bg7 3. c4 d6 4. g3 Nc6 5. Bg2 Bg4 6. d5 Bxf3 7. exf3 Ne5 8. f4
Nd7 9. O-O Ngf6 10. Re1 O-O 11. Nc3 Nb6 12. Qe2 Re8 13. Be3 Rb8 14. Rad1 Qc8
15. b4 e5 16. fxe5 Rxe5 17. c5 Nbd7 18. f4 Re7 19. Qd3 Qe8 20. cxd6 cxd6 21.
Nb5 Nb6 22. Nxd6 Qd8 23. Bc5 Rd7 24. Nc4 Nbxd5 25. Ne5 Nxf4 26. Qb3 Ne2+ 27.
Kf2 1-0

[Event "Gibtelecom Masters"]
[Site "Gibraltar"]
[Date "2009.01.28"]
[Round "2.87"]
[White "Aagedal, Geir Ole"]
[Black "Machin Arbelo, Pedro Alexi"]
[Result "0-1"]
[WhiteElo "1832"]
[BlackElo "2134"]
[PlyCount "86"]
[EventDate "2009.01.27"]

1. Nf3 Nf6 2. d4 e6 3. g3 b6 4. Bg2 Bb7 5. c4 d5 6. O-O Be7 7. cxd5 Nxd5 8. Nc3
O-O 9. Nxd5 Bxd5 10. Re1 Nd7 11. e4 Bb7 12. Bf4 Rc8 13. Rc1 Nf6 14. Ne5 c5 15.
Qa4 a6 16. dxc5 Rxc5 17. Rxc5 Bxc5 18. Rd1 Qa8 19. Nd7 Nxd7 20. Rxd7 Bc6 21.
Qd1 Bxd7 22. Qxd7 Qd8 23. Qa4 Qd4 24. Qc2 Rd8 25. Bf3 Qd3 26. Qxd3 Rxd3 27. Be2
Rd4 28. Bxa6 Ra4 29. Bd3 Rxa2 30. Be5 Ra1+ 31. Kg2 Rd1 32. Be2 Rd2 33. Kf1 Bd4
34. Bxd4 Rxd4 35. b3 Rxe4 36. Bc4 Kf8 37. Kg2 Ke7 38. f4 Kd6 39. Bd3 Re3 40.
Bc4 Kc5 41. f5 b5 42. fxe6 fxe6 43. Kf2 bxc4 0-1

[Event "Gibtelecom Masters"]
[Site "Gibraltar"]
[Date "2009.01.28"]
[Round "2.88"]
[White "Pieri, Enzo"]
[Black "Osuna Vega, Enrique"]
[Result "0-1"]
[WhiteElo "1829"]
[BlackElo "2130"]
[PlyCount "38"]
[EventDate "2009.01.27"]

1. d4 e6 2. Nf3 f5 3. c4 Nf6 4. Nc3 Bb4 5. Bd2 b6 6. Qb3 Bxc3 7. Bxc3 Bb7 8. g3
O-O 9. Bg2 d6 10. Nh4 Qc8 11. O-O Ne4 12. Rac1 Nd7 13. c5 Bd5 14. Qa3 bxc5 15.
Bxe4 Bxe4 16. dxc5 Nxc5 17. Bb4 Nb7 18. Rfd1 c5 19. Ng2 cxb4 0-1

[Event "Gibtelecom Masters"]
[Site "Gibraltar"]
[Date "2009.01.28"]
[Round "2.89"]
[White "Valhondo Morales, Ruben"]
[Black "Arnott, Jonathan W"]
[Result "0-1"]
[WhiteElo "1754"]
[BlackElo "2117"]
[PlyCount "126"]
[EventDate "2009.01.27"]

1. d4 d5 2. c4 c6 3. Nc3 Nf6 4. Nf3 a6 5. a4 a5 6. e3 Na6 7. cxd5 cxd5 8. Ne5
e6 9. Bd3 Nb4 10. Bb1 Bd6 11. f4 b6 12. O-O g6 13. Bd2 Bb7 14. Nb5 Ne4 15. Bxb4
Bxb4 16. Bxe4 dxe4 17. Rc1 Rc8 18. Rxc8 Qxc8 19. Rf2 O-O 20. Rc2 Qd8 21. Rc7
Ba6 22. Nc6 Qd5 23. Nc3 Qd6 24. Nxb4 axb4 25. Ra7 bxc3 26. Rxa6 Rc8 27. bxc3
Rxc3 28. Ra8+ Kg7 29. d5 Qc5 30. Qd4+ Qxd4 31. exd4 exd5 32. a5 Ra3 33. a6 Kf6
34. g4 h5 35. h3 Rxh3 36. Rb8 Ra3 37. Rxb6+ Kg7 38. gxh5 gxh5 39. Rd6 h4 40. f5
f6 41. Rxd5 Rxa6 42. Rd7+ Kh6 43. Re7 Kg5 44. Rxe4 Ra2 45. Kh1 Rd2 46. Kg1 Ra2
47. Kh1 Rf2 48. d5 Rd2 49. d6 Rxd6 50. Kg2 Rd3 51. Kh2 Rf3 52. Rb4 Rxf5 53. Kg2
Rd5 54. Rb8 Rd2+ 55. Kh3 Rd3+ 56. Kh2 f5 57. Rg8+ Kf4 58. Rh8 Kg4 59. Rg8+ Kf3
60. Rf8 f4 61. Kh3 Kf2+ 62. Kh2 f3 63. Rf4 Ke2 0-1